Регионална библиотека "Любен Каравелов" - Русе

Българска театрална анталогия "Маска" (Запис номер 167804)

MARC детайли
000 -Лидер
Контролно поле с фиксирана дължина 01671nam a2200397 c 4500
003 - Код на организацията, давaща контролен номер
Контролно поле BLK
005 - Дата и час на последна редакция
Контролно поле 20220211142305.0
008 - Елементи от данни с фиксирана дължина
fixed length control field 180411b bul|||||r ||||||| ||bul||
010 ## - Наследен системен номер
LC control number KNG00175646000
040 ## - Източник на каталожния запис
Идентификатор на билиотеката - собственик на записа BLK
041 ## - Код за език
Код за езика на текст/звукозапис или на отделно заглавие Български
Код за езика КДБФ Български
072 #7 - Код за тематичната категория
Код организация bullib
Код за тематична категория К
Текст Краезнание
080 ## - УДК
Текстов определител УДК Театър. Сценично изкуство. Вж 725.82; 782; 82-2
УДК код - определител по УДК 792
УДК определител (092)
УДК - код + определител 792(092)
080 ## - УДК
Текстов определител УДК Биографии
УДК код - определител по УДК 929
УДК - код + определител 929
100 1# - Редна дума - Автор
Автор Денизов, Борис
Авторска отговорност първи автор
R(LIN) 382427
139 ## - Редно поле
Редна дума Денизов, Борис и др.
Авторски знак Дени - Д 43
245 10 - Сведения за заглавието
Заглавие Българска театрална анталогия "Маска"
Редно поле (дума) Борис Денизов; съавт. Никола Петков Икономов; * Борис Денизов Филатов.
257 ## - Страна на издаване
Страна на създаване/издаване България
260 ## - Област на издателските данни
Година на издаване 1925
Печатница София : печ. Право
300 ## - Физическа характеристика
Страници 152 с.
Илюстрации и др. с ил.
Размери/Мащаб 22 см
380 ## - Жанр
Жанр Изкуство
500 ## - Общи забележки
Забележка На корицата "Българска театрална антология "Маска". - Пълното име на първия авт. Борис Денизов Филатов
650 #4 - Допълнително описание по предмет – тема
Основно описание – тема или топоним Театър - България - история
9 (RLIN) 260534
651 #4 - Допълнително описание по предмет - топоним
Географско понятие България
9 (RLIN) 241624
653 ## - Ключова дума – ненормативна
Ключова дума театър
653 ## - Ключова дума – ненормативна
Ключова дума история
653 ## - Ключова дума – ненормативна
Ключова дума актьори
659 ## - Тематичен бюлетин
Тематичен бюлетин К
700 1# - Други автори (авторска отговорност)
Лично име Икономов, Никола Петков
Автороска отговорност (Описва отношението между автора и произведението) съавт.
9 (RLIN) 337642
700 1# - Други автори (авторска отговорност)
Лично име Филатов, Борис Денизов
Автороска отговорност (Описва отношението между автора и произведението) *
9 (RLIN) 337643
852 ## - Местоположение
Форматна сигнатура Цб 7.205.15148
852 ## - Местоположение
Форматна сигнатура К 792/Д 43 Бб
856 4# - Електронен адрес и достъп
Електронен формат pdf - файл
856 4# - Електронен адрес и достъп
Електронен формат pdf - файл
999 ## - СИСТЕМНИ КОНТРОЛНИ НОМЕРА
Koha biblionumber 167804
Koha biblioitemnumber 167804
942 ## - АРТИКУЛИ
Вид на библиотечния материал Книги
Скрит в OPAC Не
Периодичен библиозапис Да
944 ## - СЪЗДАВАНЕ И РЕДАКЦИЯ на ЗАПИСА
Създаване/Редакция Създаване
Дата на регистрацията/редакция 21.05.2015
Служител, извършил регистрацията/редакцията Валентина_Караджова
944 ## - СЪЗДАВАНЕ И РЕДАКЦИЯ на ЗАПИСА
Създаване/Редакция Редакция
Дата на регистрацията/редакция 10.08.2015
Служител, извършил регистрацията/редакцията Валя_Йорданова
999 ## - СИСТЕМНИ КОНТРОЛНИ НОМЕРА
Koha biblioitemnumber 167804
Наличности
Код за отписване Код за изгубен артикул Източник на класификационната схема Код за повреда Коз за рестрикции Код за отдаване Артикулен № Име на библиотеката - собственик Име на библиотеката, в която се намира в момента Статус (Текущо местоположение) Дата на вписване в системата Местоположение - отдел Цена в лева Инвентарен номер Систематично азбучна сигнатура Баркод Номер на екземпляра Цена в евро Служебна бележка Служебен тип на артикула
  Не е изгубен Universal Decimal Classification Не е повреден без рестрикции ползва се в читалня 282785 Регионална библиотека "Любен Каравелов" Русе Регионална библиотека "Любен Каравелов" Русе Краезнание 1925-01-01 Краезнание 0.70 17729/66 К 792/Д 43 Бб 900000003742 1 0.36 N: Сф Дата: 01.01.1925 Дата инв: 06.11.2017 Бележки инв: К2017 Книги
  Не е изгубен Universal Decimal Classification Не е повреден без рестрикции ползва се в читалня 282786 Регионална библиотека "Любен Каравелов" Русе Регионална библиотека "Любен Каравелов" Русе Хранилище 1925-01-01 Основен фонд - ползва се само за читалня 0.16 15148 Цб 7.205.15148 900000064588 2 0.08 N: Сф Дата: 01.01.1925 Книги
Vip Innovations Ltd, Rousse, Bulgaria 2025